000 01049nam a2200313 a 4500
005 20161125112214.0
008 060731s1999 nyua b 000 0 eng d
010 _aENG-95000
020 _a8190328239
_c500.00
035 _aEN-75833
037 _bDBAD / PUB
040 _adpl
_bEnglish
082 _a337
100 _aRizvi, Halima Sadia
245 _aGlobalization, income inequality and human development /
_cby Halima Sadia Rizvi [and] Pooja Khurana
260 _aDelhi
_bGlobal Books Organisation
_c2007
270 _a1/7076, Mahajan Cottage, Ist Floor, Govind Marg, Shivaji Park, Shahdara,
_bDelhi
_e110031
300 _av, 165p.
_c23cm(Hb)
500 _aIncludes index
650 _aGlobalization
_xEconomic aspects
650 _aInternational economic relations.
650 _aInternational trade.
650 _aInternational cooperation.
650 _aEconomic development.
650 _aPoverty
650 _aIncome distribution
700 _aKhurana, Pooja
942 _2ddc
_cEN
_h337
_mRIZ
999 _c29852
_d29852